| 000 | 00643nam a2200157 a 4500 | ||
|---|---|---|---|
| 001 | 000031971 | ||
| 005 | 20200930063325.0 | ||
| 008 | 110707s1983 mx 000 0 spa d | ||
| 020 | _a8486008204 | ||
| 040 |
_aDO-SdBNP _bspa _cBNPHU |
||
| 100 | 1 |
_aBonachela Mesas, Manuel. _958137 |
|
| 245 | 1 | 0 |
_aCarácteres y funciones de las asociaciones voluntarias en las democrácias occidentales: Notas específicas entre las élites andaluzas / _cManuel Bonachela Mesas ; prólogo, Francisco Murillo Ferrol. |
| 246 | 1 | 4 | _aLas élites Andaluzas |
| 260 |
_aMéxico : _bEditorial Mezquita : _bAlhambra, distribuidor, _c1983. |
||
| 300 |
_axx, 261 p. ; _c19 cm. |
||
| 999 |
_c31462 _d31462 |
||